| 000 | 00577nam a2200169Ia 4500 | ||
|---|---|---|---|
| 003 | IN-BaIIA | ||
| 008 | 211028s9999 xx 000 0 eng d | ||
| 020 | _a0-8243-1553-9 | ||
| 040 | _cIIA Library | ||
| 080 |
_a(05)539.1 _bANN-53 |
||
| 245 | 0 |
_aAnnual review of nuclear and particle science _bvol. 53 _cedited by Chris Quigg and Vera Luth |
|
| 260 |
_aPalo Alto _bAnnual Reviews _c2003 |
||
| 300 | _aix, 512p. | ||
| 650 |
_aAnnual reviews - Nuclear and particle sciences _928739 |
||
| 700 |
_aLuth, Vera, ed. _920134 |
||
| 942 | _cBK | ||
| 999 |
_c15589 _d15589 |
||